Statistics for Currencies from Country Flag- Oceania

Click here to take the quiz!

General Stats

  • This quiz has been taken 20 times
  • The average score is 6 of 8

Answer Stats

Answer% Correct
Dollar
100%
Dollar
89%
Dollar
84%
Dollar
84%
Paʻanga
58%
Vatu
58%
Kina
53%
Tālā
47%

Score Distribution

Percentile by Number Answered

Percent of People with Each Score

Your Score History

You have not taken this quiz